[Event "Sibiria Region-ch"]
[Site "Barnaul"]
[Date "2011.05.25"]
[Round "6"]
[White "Samdanov, Samdan"]
[Black "Khatoev, Eduard"]
[Result "1/2-1/2"]
[WhiteElo "2139"]
[BlackElo "2283"]
[PlyCount "34"]
[EventDate "2011.05.20"]
[EventType "swiss"]
[EventRounds "9"]
[EventCountry "RUS"]
[SourceTitle "EXT 2012"]
[Source "ChessBase"]
[SourceDate "2011.11.24"]
[SourceVersion "1"]
[SourceVersionDate "2011.11.24"]
[SourceQuality "1"]

1. d4 d5 2. c4 e6 3. Nc3 Be7 4. cxd5 exd5 5. Bf4 Nf6 6. e3 Bf5 7. Nge2 0-0 8. Ng3 Be6 9. Bd3 c5 10. dxc5 Bxc5 11. 0-0 Nc6 12. Rc1 d4 13. Nb5 Bb6 14. exd4 Nxd4 15. Bc7 Bxc7 16. Nxc7 Rc8 17. Nxe6 Nxe6 1/2-1/2